000 00256nam a2200109Ia 4500
008 190912s9999||||xx |||||||||||||| ||und||
100 _aAnwer Sadeed
245 0 _aUrdu Adab Ki Mukhtasir Tareekh
260 _aLahore
_bA.H.
_c1996
300 _a675
942 _cBK
999 _c7664
_d7664